000 00497nam a2200145 4500
082 _aMS-CSE-2 SYE
100 _aSyed Ahmad Faran
_9100558
245 _aPerformance analysis of 802.11 DCF with limited channels
260 _aIslamabad
_bNust School of Electrical Engineering and Computer Science
300 _a63 P
_eCD-ROM
500 _aSupervisor;Dr.Junaid Qudir
700 _aSyed Ahmad Faran
_9100558
856 _uhttp://10.250.8.41:8080/xmlui/handle/123456789/9649
942 _cPR
_2ddc
999 _c12248
_d12248